|
|
|
|
| LEADER |
02051nam a2200493 a 4500 |
| 001 |
000082430 |
| 003 |
CZ BrMZK |
| 005 |
20230301113604.0 |
| 007 |
ta |
| 008 |
030203s1995 xr ac e c |||| 0 eng d |
| 015 |
|
|
|a cnb000101638
|
| 020 |
|
|
|a 80-7035-103-9
|q (brož.)
|z 80-7035-1039
|
| 040 |
|
|
|a BOA001
|b cze
|
| 041 |
1 |
|
|a eng
|h cze
|
| 043 |
|
|
|a e-xr---
|b e-xr-pg
|2 czenas
|
| 045 |
|
|
|a x0x6
|
| 072 |
|
7 |
|a 72/76
|x Výtvarné umění
|2 Konspekt
|9 21
|
| 080 |
|
|
|a 72/76(437.3)
|2 MRF
|
| 080 |
|
|
|a 7.036/.038
|2 MRF
|
| 080 |
|
|
|a 72/76:069.5
|2 MRF
|
| 080 |
|
|
|a (437.311)
|2 MRF
|
| 080 |
|
|
|a (083.82)
|2 MRF
|
| 110 |
2 |
|
|a Národní galerie (Praha, Česko)
|7 kn20010709071
|4 aut
|
| 245 |
1 |
0 |
|a Czech modern art :
|b 1900-1960 : [catalogue of the modern art collection at the National Gallery in Prague /
|c conception of the catalogue Lenka Bydžovská, Vojtěch Lahoda, Karel Srp ; catalogue editor Lenka Zapletalová ; translation Karolina Vočadlová]
|
| 260 |
|
|
|a Prague :
|b National Galery,
|c 1995
|
| 300 |
|
|
|a 349 s. :
|b barev. il., portréty ;
|c 22 cm
|
| 500 |
|
|
|a Životopisná data autorů vystavených děl
|
| 504 |
|
|
|a Obsahuje bibliografii
|
| 610 |
2 |
7 |
|a Národní galerie (Praha, Česko).
|b Sbírka moderního a současného umění
|7 kn20030506002
|2 czenas
|
| 648 |
|
7 |
|a 20. století
|7 ch460558
|2 czenas
|
| 648 |
|
4 |
|a 1900-1960
|
| 650 |
0 |
7 |
|a české výtvarné umění
|7 ph116865
|y 20. století
|2 czenas
|
| 650 |
0 |
7 |
|a moderní umění
|7 ph115340
|z Česko
|2 czenas
|
| 650 |
0 |
7 |
|a umělecké sbírky
|7 ph135222
|z Česko
|2 czenas
|
| 651 |
|
7 |
|a Praha (Česko)
|7 ge118011
|2 czenas
|
| 655 |
|
7 |
|a katalogy
|7 fd132535
|2 czenas
|
| 700 |
1 |
|
|a Bydžovská, Lenka,
|d 1956-
|7 mzk2003188726
|4 com
|
| 700 |
1 |
|
|a Lahoda, Vojtěch,
|d 1955-2019
|7 jn99240000602
|4 com
|
| 700 |
1 |
|
|a Srp, Karel,
|d 1958-
|7 jn20001103780
|4 com
|
| 700 |
1 |
|
|a Zapletalová, Lenka
|4 edt
|
| 700 |
1 |
|
|a Hughes, Karolina
|7 jn20001103781
|4 trl
|
| 910 |
|
|
|a BOA001
|b 2-1022.542
|
| 990 |
|
|
|a BK
|
| 996 |
6 |
|
|b 2610039040
|c 2-1022.542
|l MZK
|r Sklad / do 1 hodiny
|n 33
|p p.v.
|w 000082430
|u 000010
|a 1
|e BOA001
|j MZK50
|s P
|